Making the case for retirement villages (Record no. 105422)

MARC details
000 -LEADER
fixed length control field 01289cam a2200217 4500
001 - CONTROL NUMBER
control field ##L133568
008 - FIXED-LENGTH DATA ELEMENTS--GENERAL INFORMATION
fixed length control field 110801s2006 000 0 eng u
020 ## - INTERNATIONAL STANDARD BOOK NUMBER
International Standard Book Number 1859354645
-- 1859354643
035 ## - SYSTEM CONTROL NUMBER
System control number (Sirsi) u133568
041 0# - LANGUAGE CODE
Language code of text/sound track or separate title eng
050 04 - LIBRARY OF CONGRESS CALL NUMBER
Classification number 306.1 $2 18
100 1# - MAIN ENTRY--PERSONAL NAME
Personal name Croucher, Karen
245 00 - TITLE STATEMENT
Title Making the case for retirement villages
260 ## - PUBLICATION, DISTRIBUTION, ETC.
Place of publication, distribution, etc. York
Name of publisher, distributor, etc. Joseph Rowntree Foundation
Date of publication, distribution, etc. 2006
520 ## - SUMMARY, ETC.
Summary, etc. Reviews the evidence to date on the impact of retirement villages, a relatively new type of provision in the UK. Explores five key themes: the potential of retirement villages to enhance older people's choices for independent living; the particular benefits of larger developments and the potential for economies to scale; how retirement villages can be made accessible and affordable for a range of older people; the potential impact of retirement villages on local health and social services, and the impact of retirement villages on local communities.
590 ## - LOCAL NOTE (RLIN)
Local note IKA230506
651 #4 - SUBJECT ADDED ENTRY--GEOGRAPHIC NAME
Geographic name United Kingdom
Chronological subdivision
690 ## - LOCAL SUBJECT ADDED ENTRY--TOPICAL TERM (OCLC, RLIN)
Topical term or geographic name as entry element PROPERTY-RESIDENTIAL PROPERTY-OTHER RESIDENTIAL PROPERTY-OTHER RESIDENTIAL FACILITIES
856 40 - ELECTRONIC LOCATION AND ACCESS
Uniform Resource Identifier <a href="https://www.york.ac.uk/inst/chp/publications/PDF/caseforretirementvillages.pdf">https://www.york.ac.uk/inst/chp/publications/PDF/caseforretirementvillages.pdf</a>
Public note View the report free of charge at www.york.ac.uk
942 ## - ADDED ENTRY ELEMENTS (KOHA)
Suppress in OPAC 0
Holdings
Withdrawn status Lost status Source of classification or shelving scheme Damaged status Not for loan Home library Current library Shelving location Date acquired Total Checkouts Full call number Barcode Date last seen Copy number Price effective from Koha item type
    Dewey Decimal Classification     Virtual Virtual Online 19/05/2006   ONLINE PUBLICATION 133568-2001 06/08/2019 1 06/08/2019 Book